Le Hainaut en images - Statistiques

Statistiques générales
  • Ce quiz a été pris 54 fois
  • Le résultat moyen est 12 sur 16
Statistiques - réponses
Par images Hint Réponse % Correct
Aliment Fricadelle
93%
Marque Delhaize
91%
Homme politique Elio Di Rupo
91%
Peintre René Magritte
91%
Fête traditionnelle Carnaval de Binche
89%
Sportif Eden Hazard
89%
Bière Cara Pils
87%
Ville Charleroi
87%
Fête traditionnelle Le Doudou
87%
Parc zoologique Pairi Daiza
87%
Bière Chimay
84%
Musicien Loïc Nottet
82%
Lac Lacs de l'Eau d'Heure
69%
Ville Tournai
69%
Personnage de fiction Odette Toulemonde
9%
Musicien Django Reinhardt
7%
Aucun quiz correspondant
Distribution des résultats
% des personnes avec chaque résultat
Percentile par nombre de réponses
Votre historique - résultats
Vous n’avez pas pris ce quiz